| 000 | 01534nam0a22003011 4500 | ||
|---|---|---|---|
| 001 | rc\4746230 | ||
| 005 | 20260406124234.0 | ||
| 021 |
_aRU _b[65-83537] |
||
| 035 | _a(NLR Aleph) 008739152 | ||
| 090 |
_a9522432 _c9522432 |
||
| 100 | _a20130416d1965 |||y0rusy50 ca | ||
| 101 | 0 | _arus | |
| 102 | _aRU | ||
| 105 | _ay z ||||| | ||
| 200 | 1 |
_aОпределитель зерновых, зернобобовых культур и трав _fМоск. ордена Ленина с.-х. акад. им. К.А. Тимирязева. Кафедра генетики, селекции и семеноводства полевых культур |
|
| 210 |
_aМосква _cБ. и. _d1965 |
||
| 215 |
_a36 с. _d14х21 |
||
| 300 | _aНа обороте тит. л. сост.: канд. с.-х. наук А.А. Уколов | ||
| 606 |
_aКормовые травы _jОпределители _2psbo |
||
| 606 |
_aЗерновые культуры _jОпределители _2psbo |
||
| 606 |
_aЗернобобовые культуры _jОпределители _2psbo |
||
| 702 | 1 |
_aУколов _bА.А. _gАлександр Алексеевич _4220 |
|
| 712 | 0 | 2 |
_aРоссийская сельскохозяйственная академия им. К. А. Тимирязева _bКафедра генетики, селекции и семеноводства полевых культур _9307423 _3RU\NLR\AUTH\8817086 |
| 801 | 0 |
_aRU _bNLR _gpsbo |
|
| 801 | 1 |
_aRU _bELAR _2rusmarc |
|
| 852 |
_aNLR _j65-4/16883 |
||
| 942 | _cBOOK | ||
| 980 | _aNB | ||